A content based writing book
Zapisane w:
| Format: | Książka |
|---|---|
| Wydane: |
1996
|
| Etykiety: |
Dodaj etykietę
Nie ma etykietki, Dołącz pierwszą etykiete!
|
| Thư viện lưu trữ: | Mạng thư viện Đại học Đà Nẵng |
|---|
| LEADER | 00441nam a22001811a 4500 | ||
|---|---|---|---|
| 001 | 000037886 | ||
| 003 | 14181 | ||
| 005 | 20160412021156.0 | ||
| 008 | 160412s1996 000 | ||
| 082 | |a 4A(07)1357-58 | ||
| 245 | |a A content based writing book |c Laurie B. Lass | ||
| 260 | |c 1996 | ||
| OWN | |a LNN | ||
| 999 | |a From the UDN01 | ||
| TYP | |a Monograph | ||
| 980 | |a Mạng thư viện Đại học Đà Nẵng | ||